Регионална библиотека "Любен Каравелов" - Русе

Пътят | В нозете на учителя | Гласът на безмълвието | Светлина върху пътя (Запис номер 193270)

MARC детайли
000 -Лидер
Контролно поле с фиксирана дължина nam a22 a 4500
003 - Код на организацията, давaща контролен номер
Контролно поле BLK
005 - Дата и час на последна редакция
Контролно поле 20230221091312.0
008 - Елементи от данни с фиксирана дължина
fixed length control field 180411b bul|||||r ||||||| ||bul||
010 ## - Наследен системен номер
LC control number KNG00202484000
040 ## - Източник на каталожния запис
Идентификатор на билиотеката - собственик на записа BLK
041 ## - Код за език
Код за езика на текст/звукозапис или на отделно заглавие Български
Код за езика КДБФ Български
080 ## - УДК
Текстов определител УДК Философски мистицизъм. Ранни езотерични школи. Кабала. Теософия. Антропософия. Суфизъм. Еклектизъм. Синкретизъм. Херметизъм. Розенкройцерство. Др. школи
УДК код - определител по УДК 141.33
УДК - код + определител 141.33
080 ## - УДК
Текстов определител УДК Индийски религии. Вж и 299.1
УДК код - определител по УДК 294
УДК - код + определител 294
100 1# - Редна дума - Автор
Автор Кришнамурти, Джиду
Авторска отговорност първи автор
R(LIN) 260494
139 ## - Редно поле
Редна дума Кришнамурти, Джиду и др.
Авторски знак Кре - К 90
245 10 - Сведения за заглавието
Заглавие Пътят
Подзаглавни данни Сборник
Редно поле (дума) Джиду Кришнамурти; съавт. Елена Петрова Блаватска; съавт. Мейбъл Колинс.
245 10 - Сведения за заглавието
Заглавие В нозете на учителя
Редно поле (дума) Кришнамурти
245 10 - Сведения за заглавието
Заглавие Гласът на безмълвието
Редно поле (дума) Елена Блаватска
245 10 - Сведения за заглавието
Заглавие Светлина върху пътя
Редно поле (дума) Мейбъл Колинс
257 ## - Страна на издаване
Страна на създаване/издаване Сборници - Свят
260 ## - Област на издателските данни
Място на издаване, разпространение и проч. София
Име на издателя, разпространителя и проч. Евразия-Абагар
Година на издаване 1992
300 ## - Физическа характеристика
Страници 108 с.
Размери/Мащаб 19 см
380 ## - Жанр
Жанр Философия
490 ## - СЕРИИ (Колекции)
Име на серия Библиотека Духовни водачи
№: серия 12
9 (RLIN) 206394
650 #4 - Допълнително описание по предмет – тема
Основно описание – тема или топоним Теософия
9 (RLIN) 173509
650 #4 - Допълнително описание по предмет – тема
Основно описание – тема или топоним Индия - религии
9 (RLIN) 248762
653 ## - Ключова дума – ненормативна
Ключова дума теософия
653 ## - Ключова дума – ненормативна
Ключова дума религия
653 ## - Ключова дума – ненормативна
Ключова дума Индия
700 1# - Други автори (авторска отговорност)
Лично име Блаватска, Елена Петрова
Автороска отговорност (Описва отношението между автора и произведението) съавт.
9 (RLIN) 366701
700 1# - Други автори (авторска отговорност)
Лично име Колинс, Мейбъл
Автороска отговорност (Описва отношението между автора и произведението) съавт.
9 (RLIN) 385150
852 ## - Местоположение
Форматна сигнатура Цб 168417
Фондова буква Хранилище
856 4# - Електронен адрес и достъп
Електронен формат pdf - файл
Инструкция (цена за достъп) 0.00
Права за достъп disable
856 4# - Електронен адрес и достъп
Електронен формат pdf - файл
Инструкция (цена за достъп) 0.00
Права за достъп disable
999 ## - СИСТЕМНИ КОНТРОЛНИ НОМЕРА
Koha biblionumber 193270
Koha biblioitemnumber 193270
942 ## - АРТИКУЛИ
Вид на библиотечния материал Книги
Скрит в OPAC Не
Периодичен библиозапис Да
944 ## - СЪЗДАВАНЕ И РЕДАКЦИЯ на ЗАПИСА
Създаване/Редакция Създаване
Дата на регистрацията/редакция 08.03.2017
Служител, извършил регистрацията/редакцията Грета_Цуфелде
944 ## - СЪЗДАВАНЕ И РЕДАКЦИЯ на ЗАПИСА
Създаване/Редакция Редакция
Дата на регистрацията/редакция 08.03.2017
Служител, извършил регистрацията/редакцията Грета_Цуфелде
999 ## - СИСТЕМНИ КОНТРОЛНИ НОМЕРА
Koha biblioitemnumber 193270
Наличности
Код за отписване Код за изгубен артикул Източник на класификационната схема Код за повреда Коз за рестрикции Код за отдаване Артикулен № Име на библиотеката - собственик Име на библиотеката, в която се намира в момента Статус (Текущо местоположение) Дата на вписване в системата Местоположение - отдел Цена в лева Инвентарен номер Систематично азбучна сигнатура Баркод Номер на екземпляра Цена в евро Служебна бележка Служебен тип на артикула
  Не е изгубен Universal Decimal Classification Не е повреден без рестрикции ползва се в читалня 338560 Регионална библиотека "Любен Каравелов" Русе Регионална библиотека "Любен Каравелов" Русе Хранилище 1992-01-01 Хранилище 10.84 566809 Цб 168417 120000566809 1 5.54 N: стар фонд Дата: 01.01.1992 Книги
Vip Innovations Ltd, Rousse, Bulgaria 2025